En Yakın Altı Ülke - Amerika Birleşik Devletleri - Statistics

General Stats
  • This quiz has been taken 130 times
  • The average score is 3 of 6
Answer Stats
km ülke % Correct
0 Kanada
99%
0 Meksika
97%
153 Küba
64%
83 Bahamalar
29%
758 Jamaika
26%
4 Rusya
25%
No matching quizzes found
Score Distribution
Percent of People with Each Score
Percentile by Number Answered
Your Score History
You have not taken this quiz